000 00759nam a22002537a 4500
005 20170123162322.0
010 _aA-277013
020 _c20.00
035 _aA-277013
037 _bCen Lib/Ret
040 _aDPL
_bUR
082 _aن
_bپ ر ے
100 _aپریم چند
_9661
245 _aجلوہ ایثار /
_cپریم چند
246 _aJalwa-e-esar /
_bby Prem Chand
260 _aنیی دہلی
_bپرنس بک ڈپو
_c1984
270 _bنیی دہلی
_aکرول باغ
_e110050
300 _a240p.
_c17cm(Hb)
650 _a ادب - اردو
_9117795
650 _a اردو ناول (ہندی)
_9108484
650 _aLiterature -- Urdu
_9117796
650 _aUrdu novel (Hindi)
_9117797
942 _2ddc
_cUR
_hن
_mپ ر ے
999 _c107191
_d107191